Kvalita života a jej dimenzie
Definícia pojmu kvalita života. Ekonomicko-politický pohľad na kvalitu života. Definícia pojmu ekonomická teória šťastia. Ekonomický rast a vyššia životná úroveň.
Guardado en:
| Autor principal: | |
|---|---|
| Otros Autores: | , |
| Formato: | Capítulo de libro |
| Lenguaje: | eslovaco |
| Materias: | |
| Etiquetas: |
Sin Etiquetas, Sea el primero en etiquetar este registro!
|
MARC
| LEADER | 00000naa$a2200000$$$4500 | ||
|---|---|---|---|
| 001 | 0141558 | ||
| 005 | 20240605074135.9 | ||
| 041 | 0 | |a slo | |
| 044 | |a SK | ||
| 245 | 1 | 0 | |a Kvalita života a jej dimenzie |c Jana Naščáková, Lenka Pčolinská, Jozef Gajdoš |
| 520 | |a Definícia pojmu kvalita života. Ekonomicko-politický pohľad na kvalitu života. Definícia pojmu ekonomická teória šťastia. Ekonomický rast a vyššia životná úroveň. | ||
| 610 | 2 | 0 | |a kvalita života |
| 610 | 2 | 0 | |a úroveň životná |
| 610 | 2 | 0 | |a pojmy |
| 610 | 2 | 0 | |a definície |
| 610 | 2 | 0 | |a teória kvality života |
| 610 | 2 | 0 | |a teórie ekonomické |
| 100 | 1 | |a Naščáková, Jana | |
| 700 | 1 | |a Pčolinská, Lenka | |
| 700 | 1 | |a Gajdoš, Jozef, 1962-2025 | |